000 00688nam a2200193 a 4500
005 20251204064013.0
008 991125 tla 000 0 mon u
035 _aUPN01000007002
049 _aSEP
050 4 _aL907 S5.2
_b1979
245 0 0 _aCatálogo 1980 /
_cSistema Nacional de Institutos Tecnológicos Regionales
260 _aTlalnepantla, Edo. de Mé :
_bInstituto Tecnológico Regional deTlalnepantla$bSEP, Dirección General de Institutos Tecnológ
300 _a301 p
440 0 _aDocumentos;
_v2
650 4 _aEnseñanza técnica
_vCatálogos
_920996
710 2 _aSistema Nacional de Institutos Tecnológicos Regionales (México)
904 _aAC
_b007002
905 _aLibro
999 _c7002
_d7002